History Quiz

Random History or Letter Quiz

Presidential Surname Letter Pairs Quiz Stats

 Plays Quiz Updated Jul 17, 2018

Score 0/8 Timer 01:00
6 Plays Today
% Correct
Washington
89.5%
Polk
84.4%
Ford
80%
Wilson
79.1%
Grant
75.4%
Pierce
72.1%
Fillmore
66.9%
Garfield
66.9%

You're not logged in!

Compare scores with friends on all Sporcle quizzes.
OR
Log In

Sporcle TV

Today on Sporcle TV


Watch our educational content, quiz creation guides, and fun videos on Sporcle TV.

Show Comments

Extras

Top Quizzes Today


Score Distribution

Your Account Isn't Verified!

In order to create a playlist on Sporcle, you need to verify the email address you used during registration. Go to your Sporcle Settings to finish the process.

Report this User

Report this user for behavior that violates our Community Guidelines.

Details: